000 00394nam a2200145Ia 4500
008 231217s9999 xx 000 0 und d
041 _aEnglish
082 _a001.539 KLI1;1
100 _aKlir, George J Yuan, Bo
245 0 _aFuzzy sets and fuzzy logic: Theory and applications
260 _c1995
_bNew Delhi : PHI,
300 _axv+574
650 _aFuzzy sets Fuzzy logic
942 _cAA
999 _c165044
_d165044